Το εξωτερικό χρέος των αναπτυσσόμενων χωρών : αίτια - προβλήματα - προοπτικές

Αποθηκεύτηκε σε:
Λεπτομέρειες βιβλιογραφικής εγγραφής
Κύριος συγγραφέας: Κούτρης, Ανδρέας Ν.
Μορφή: Βιβλίο
Γλώσσα:Greek
Δημοσίευση: Αθήνα : Παπαζήσης, 1995
Θέματα:
Ετικέτες: Προσθήκη ετικέτας
Δεν υπάρχουν, Καταχωρήστε ετικέτα πρώτοι!

MARC

LEADER 00000nam a2200000 i 4500
001 1/56826
008 960515s1995 gre d
020 |a 960-02-1087-X 
035 |l 10028088 
040 |a GR-MY-UA  |b gre  |e aacr 
041 0 |a gre 
082 0 |a 336.3435 
100 1 |a Κούτρης, Ανδρέας Ν. 
245 1 3 |a Το εξωτερικό χρέος των αναπτυσσόμενων χωρών :  |b αίτια - προβλήματα - προοπτικές /  |c Ανδρέας Κουτρής 
260 |a Αθήνα :   |b Παπαζήσης,   |c 1995 
300 |a 203 σ. 
500 |a Περιέχει βιβλιογραφία 
650 0 0 |a Finance  |z Greece. 
650 0 0 |a Debts, External. 
852 |a INST  |b CHIOS  |e 19960515  |h 336.3435 ΚΟΥ  |p 005200008366  |q 005200008366  |t BK  |y 0 
909 |a Χ  |b 043341